000 00572nam a22001817a 4500
005 20251204150513.0
008 251203b |||||||| |||| 00| 0 eng d
020 _a978-93-5466-943-9
041 _aeng
082 _a611-CHA-H
100 _aCHAURASIA'S B.D.
245 _aFREE WITH B.D.CHAURASIA'S HUMAN ANATOMY: WORK BOOK OF HUMAN ANATOMY - HEAD AND NECK BRAIN- NEUROANATOMY [ VOL-3 & 4]
250 _a 10TH ED, 2024
260 _aNEW DELHI
_bCBS PUBLISHERS & DISTRIBUTERS PVT.LTD
_c2024
300 _a104;P
650 _aPARAMEDICAL
_xBMLT/BMIRT
_98847
942 _cBK
999 _c9028
_d9026